Szczegóły MARC21

Einführung in die vergleichende Sprachwissenschaft /

003 -Nazwa inst., której nr kontr. jest w polu 001 [,]
    • @
    • Nazwa instytucji, której n kontrolny jest w polu 001
    • NUKAT
005 -DATA I CZAS OSTATNIEJ MODYFIKACJI [,]
    • @
    • pole kontrolne
    • 20241231085344.0
020 -Międzynarod. znormalizowany nr książki - ISBN [ , ]
    • a
    • Numer ISBN
    • 3050006277 Find
040 -Instytucja sporządzająca opis [ , ]
    • a
    • Instytucja, która sporządziła opis (NP)
    • WA U/70AH
    • c
    • Instytucja, która sporządziła rekord (NP)
    • WA U/AH
    • d
    • Instytucja, która zmodyfikowała rekord (P)
    • WA U/AO
942 -Rodzaj dokumentu [ , ]
    • c
    • Rodzaj dokumentu
    • Książka
100 -Hasło główne - nazwa osobowa [1, ]
    • a
    • Nazwa osobowa (NP)
    • Sternemann, Reinhard.
    • 9
    • KHW
    • 536748
245 -Strefa tytułu i oznaczenia odpowiedzialności [1,0]
    • a
    • Tytuł
    • Einführung in die vergleichende Sprachwissenschaft / Find
    • c
    • Pozostałe elementy strefy tytułu i oznaczenia odpowiedzialności (NP)
    • Reinhard Sternemann, Karl Gutschmidt.
260 -Strefa adresu wydawniczego [ , ]
    • a
    • Miejsce wydania (P)
    • Berlin :
    • b
    • Nazwa wydawcy (P)
    • Akad.-Verl.,
    • c
    • Data wydania (P)
    • 1989.
300 -Strefa opisu fizycznego [ , ]
    • a
    • Określenie formy książki i/lub objętość (NP)
    • XIV, 376 s. :
    • b
    • Oznaczenie ilustracji (NP)
    • wykr. ;
    • c
    • Format (NP)
    • 22 cm.
336 -Typ zawartości [ , ]
    • a
    • Termin opisujący typ zawartości
    • Tekst
    • b
    • Kod określający zawartość
    • txt
    • 2
    • Źródło (terminu i kodu)
    • rdacontent
337 -Typ mediów [ , ]
    • a
    • Tryb odtwarzania
    • Bez urządzenia pośredniczącego
    • b
    • Kod typu mediów
    • n
    • 2
    • Źródło (terminu i kodu)
    • rdamedia
338 -Typ/rodzaj nośnika [ , ]
    • a
    • Hasło opisujące typ nośnika
    • Wolumin
    • b
    • Kod typu nośnika
    • nc
    • 2
    • Źródło (terminu i kodu)
    • rdacarrier
504 -Uwaga dot. bibliogr. załącznikowej [ , ]
    • a
    • Uwaga dot. bibliografii załącznikowej
    • Bibliogr. s. 346-371.
080 -Uniwersalna Klasyfikacja Dziesiętna [ , ]
    • a
    • Symbol klasyfikacji
    • 801=30
080 -Uniwersalna Klasyfikacja Dziesiętna [ , ]
    • a
    • Symbol klasyfikacji
    • 801=30
980 -Symbol UKD [ , ]
    • a
    • UKD
    • 801=30801=30
700 -Hasło dodatkowe - nazwa osobowa [1, ]
    • a
    • Nazwa osobowa (NP)
    • Gutschmidt, Karl Find
    • d
    • Daty biograficzne (NP)
    • (1937- ).
    • 9
    • KHW
    • 424126
920 -ISBN [ , ]
    • a
    • ISBN
    • 3-05-000627-7 Find
Sygnatura Data inwentaryzacji Lokalizacja Status udost. Numer inwentarzowy
W.1709101996-01-11BG-3W.170910
W.1709101996-01-11BG-3W.170911
W.1709101996-01-11BG2W.170912
W.1709101996-01-11BG2W.170913
W.1709101996-01-11BG2W.170914
W.1709101996-01-11BG2W.170915
W.1709101996-01-11BG2W.170916
W.1709101996-01-11BG2W.170917
W.1709101996-01-11BG2W.170918
W.1709101996-01-11BG2W.170919
 1996-01-11BM2G.7584
 1996-01-11BM2G.7587
Germ. Językoznawstwo 041996-01-11BM-3G.7585
Germ. Językoznawstwo 051996-01-11BM-3G.7586
Germ. Językoznawstwo 061996-01-11BM-3G.10717
 1996-01-11BM2JO.1067